00718nam a2200217 i 450000100060000000300090000600500170001500700030003200800410003508000150007610000290009124500830012025000120020326000340021530000300024965000250027970000350030485200220033999900170036195201220037821496ES-MaACL20230906152505.0t|021126s1971 sp ||||1| spa d a133.527.641 aAlberti, Lucía.91934013aEl zodíaco y el amor / cLucía Alberti ; [traducción, Mª Gloria Rossi]. a1ª ed. aBarcelona : bNoguer, c1971. a196 p. : bil. ; c19 cm. 4aHoróscopo.91458521 aRossi Callizo, Gloria.91619344 aES-MaACLjC-49663 c21496d21496 00104070aATENEOMbATENEOMcDEPO2d2008-01-17eSCl0oC-49663p1022090r2023-02-23 00:00:00w2023-02-23yMONOGRAFIA